| 000 | 00528cam a2200193ua 4500 | ||
|---|---|---|---|
| 020 | _cRs 2.00 | ||
| 041 |
_aeng _h |
||
| 082 |
_a307.14 _bLAL/AW |
||
| 100 | _aLalit, K Sen . | ||
| 245 |
_aAwareness of community development in village India / _cLalit K Sen. _hTextual Documents |
||
| 250 |
_a1 / _b. |
||
| 260 |
_aHyderabad : _bNational Institute of Community Development , _c1966. |
||
| 300 | _a75 ; . | ||
| 365 | _aRs 2.00 | ||
| 504 | _a | ||
| 700 | 1 | _aProditpto, Roy . | |
| 942 | _cBK | ||
| 999 |
_c1421 _d1421 |
||